Návrh a overovanie metód štúdia kinetiky vytvrdzovania lepidiel pri výrobe zlepovaných lepeniek

Uložené v:
Podrobná bibliografia
Hlavný autor: Hačkóová, Denisa (Autor)
Médium: Rukopis Kniha
Jazyk:Slovak
Vydavateľské údaje: Bratislava : STU v Bratislave FCHPT, 2002
Vydanie:Obháj.: 3.6.2002
Tagy: Pridať tag
Žiadne tagy, Buďte prvý, kto otaguje tento záznam!

MARC

LEADER 00000ntm a22000003a 4500
001 stu76451
005 20150617225646.1
008 020704s2002----xo------------------slo-d
040 |a STU  |b slo 
041 0 |a slo 
044 |a xo 
100 1 |a Hačkóová, Denisa  |4 aut 
245 1 |a Návrh a overovanie metód štúdia kinetiky vytvrdzovania lepidiel pri výrobe zlepovaných lepeniek 
250 |a Obháj.: 3.6.2002 
260 |a Bratislava :  |b STU v Bratislave FCHPT,  |c 2002 
300 |a 48 s. Tab.,grafy,lit 
500 |a Špec.: Chemická technológia dreva, celulózy a papiera 
996 |b 284C026852  |c C*D13539  |l CCI  |s A  |a 24  |w stu76451_0001